[Event "European Rapid 2021"]
[Site "Katowice POL"]
[Date "2021.12.18"]
[Round "5.58"]
[White "Kiolbasa, Damian"]
[Black "Chojnacki, Slawomir"]
[Result "0-1"]
[BlackTitle "CM"]
[WhiteElo "1965"]
[BlackElo "2198"]
[WhiteFideId "1146688"]
[BlackFideId "1117076"]
[EventDate "2021.12.18"]

1. d4 d5 2. c4 e6 3. Nc3 Nf6 4. Bf4 Bd6 5. e3 Bxf4 6. exf4 dxc4 7. Bxc4 O-O 8.
Nf3 b6 9. O-O Bb7 10. Re1 Nc6 11. Qd2 Ne7 12. Ne5 c5 13. Rad1 cxd4 14. Qxd4 Qxd4
15. Rxd4 Nc6 16. Rd6 Rac8 17. Nxf7 Rxf7 18. Bxe6 Rc7 19. Nd5 Kf8 20. Bxf7 Rxf7
21. Nxf6 Rxf6 22. Rxf6+ gxf6 23. f3 Kf7 24. Kf2 Nb4 25. Kg3 a5 26. Rc1 Nd5 27.
b3 Ke6 28. Rc4 Kd6 29. Kh4 b5 30. Rd4 Bc8 31. g4 Kc5 32. Re4 Kd6 33. f5 Nc3 34.
Re8 Bd7 35. Ra8 a4 36. bxa4 bxa4 37. a3 Nb1 38. g5 Bc6 39. Ra6 fxg5+ 40. Kxg5
Nd2 41. f6 Nxf3+ 42. Kh6 Ne5 43. Kg7 h5 44. f7 Nxf7 45. Kxf7 Kc5 46. Kg6 Be8+
47. Kg5 Kc4 48. Re6 Bf7 49. Rb6 Kc3 50. h4 Bb3 51. Kxh5 Kb2 52. Kg5 Kxa3 53. h5
Bc2 54. h6 Ka2 55. Kf4 a3 56. Ke3 Ka1 57. Kd2 Bf5 58. Rf6 Be4 59. Re6 Bf5 60.
Re5 Bg6 61. Rg5 Be4 62. Rg4 Bf5 63. Rf4 Bg6 64. Kc3 a2 65. Rh4 Bh7 66. Rh2 Be4
67. h7 Kb1 68. Rb2+ Kc1 69. Rxa2 0-1

[Event "European Rapid 2021"]
[Site "Katowice POL"]
[Date "2021.12.18"]
[Round "5.64"]
[White "Woloch, Oskar"]
[Black "Kozak, Antoni"]
[Result "*"]
[WhiteElo "2117"]
[BlackElo "2356"]
[WhiteFideId "1192116"]
[BlackFideId "21832030"]
[EventDate "2021.12.18"]

1. d4 d5 2. c4 e6 3. Nf3 Nf6 4. g3 dxc4 5. Bg2 Bb4+ 6. Bd2 a5 7. Qc2 Bxd2+ 8.
Nbxd2 b5 9. a4 c6 10. O-O O-O 11. b3 cxb3 12. Nxb3 Ba6 13. Nc5 bxa4 14. Nxa6
Rxa6 15. Rfc1 Qd6 16. Rxa4 Nbd7 17. e4 Qc7 18. Rc4 Rc8 19. d5 exd5 20. exd5 c5
21. Bh3 h6 22. Nh4 Re8 23. Rd1 Qe5 24. Nf5 h5 25. d6 Kf8 26. Qd3 Rb6 27. Ne7 g6
28. Bxd7 Nxd7 29. Re4 Qxd6 30. Qxd6 Rxd6 31. Rxd6 Rxe7 32. Rxe7 Kxe7 33. Ra6 Nf8
34. Kf1 Ne6 35. Ke2 Kf6 36. Rxa5 Ke5 37. Ke3 Kf5 38. Ra7 f6 39. f3 Nd4 40. Rc7
Ne6 41. Rc8 Ke5 42. Rg8 Kf5 43. Rc8 Ke5 44. Kd3 h4 45. gxh4 Kf4 46. Rc6 Ke5 47.
Ke3 Kf5 48. Rc8 Ke5 49. Rh8 Nf4 50. Rc8 Ng2+ 51. Kf2 Nxh4 52. Rxc5+ Kf4 53. Rc4+
Kg5 54. Rg4+ Kh5 55. Ke3 g5 56. Ra4 Kg6 57. Rb4 Ng2+ 58. Ke4 Nf4 59. Rb6 Nh3 60.
Rd6 Nf2+ 61. Ke3 Nh3 62. Rd8 Kf5 63. Rh8 Nf4 64. Rd8 Ng2+ 65. Kf2 Nf4 *

[Event "European Rapid 2021"]
[Site "Katowice POL"]
[Date "2021.12.18"]
[Round "5.79"]
[White "Malicka, Maria"]
[Black "Paszewski, Mateusz"]
[Result "*"]
[WhiteTitle "FM"]
[BlackTitle "FM"]
[WhiteElo "2307"]
[BlackElo "2300"]
[WhiteFideId "1197576"]
[BlackFideId "1141058"]
[EventDate "2021.12.18"]

1. e4 c6 2. d4 d5 3. Nc3 dxe4 4. Nxe4 Nf6 5. Nxf6+ exf6 6. c3 Bd6 7. Bd3 O-O 8.
Qc2 Re8+ 9. Ne2 h5 10. O-O h4 11. Nf4 Nd7 12. Qd1 Nf8 13. Qh5 Qc7 14. g3 Qd7 15.
Bd2 Bxf4 16. Bxf4 g5 17. Bd2 Qh3 18. Qf3 Kg7 19. Rfe1 Bg4 20. Qg2 Qxg2+ 21. Kxg2
h3+ 22. Kf1 Rad8 23. Rxe8 Rxe8 24. Re1 Rxe1+ 25. Kxe1 Ne6 26. Be2 Bxe2 27. Kxe2
Kg6 28. Kf3 f5 29. g4 Nc7 30. Kg3 Nd5 31. Kxh3 Nf6 32. gxf5+ Kxf5 33. f3 b5 34.
Kg3 a5 35. b3 a4 36. bxa4 bxa4 37. h3 Nd5 38. Kf2 f6 39. Ke2 Kg6 40. c4 Ne7 41.
Kd3 f5 42. Bb4 Ng8 43. d5 cxd5 44. cxd5 Kf6 45. Kd4 Nh6 46. Kc5 g4 47. hxg4 fxg4
48. fxg4 Nxg4 49. Kb5 Ne3 50. d6 *

[Event "European Rapid 2021"]
[Site "Katowice POL"]
[Date "2021.12.18"]
[Round "6.5"]
[White "Teclaf, Pawel"]
[Black "Kovalenko, Igor"]
[Result "0-1"]
[WhiteTitle "IM"]
[BlackTitle "GM"]
[WhiteElo "2542"]
[BlackElo "2668"]
[WhiteFideId "1185934"]
[BlackFideId "14117908"]
[EventDate "2021.12.18"]

1. e4 c5 2. Nf3 e6 3. d4 cxd4 4. Nxd4 a6 5. c4 Nf6 6. Nc3 Qc7 7. a3 b6 8. Be3
Bb7 9. f3 Nc6 10. Rc1 Be7 11. Nxc6 dxc6 12. Bd3 Bd6 13. g3 c5 14. f4 h5 15. Rf1
Ng4 16. Bg1 O-O-O 17. Qe2 Rd7 18. h3 Nh6 19. Be3 Rhd8 20. Rd1 g6 21. Kd2 f5 22.
Kc1 Bf8 23. Bc2 Nf7 24. Rxd7 Rxd7 25. Rd1 Rxd1+ 26. Qxd1 Nd6 27. exf5 exf5 28.
Nd5 Qd8 29. b3 Bg7 30. g4 hxg4 31. hxg4 a5 32. gxf5 gxf5 33. Qg1 Bxd5 34. Qxg7
Be4 35. Bd1 a4 36. Qe5 axb3 37. Bxb3 Qd7 38. a4 Nb7 39. Qh8+ Nd8 40. Qc3 Nc6 41.
Bd1 Kb7 42. a5 Nb4 43. Qb3 Qd6 44. axb6 Nd3+ 45. Kb1 Nxf4+ 46. Ka2 Nd3 47. Ka3
Qe5 48. Bc2 Qa1+ 49. Qa2 Qxa2+ 50. Kxa2 Nb4+ 51. Kb2 Nxc2 52. Bxc5 Kc6 53. Bg1
Ne1 54. Kc3 Nf3 55. Be3 Ne5 56. Kb4 Nd7 57. c5 Nf6 58. Kc4 Kd7 59. Kd4 Ke6 60.
Bg5 Bc6 61. Bf4 Nh5 62. Bh2 f4 63. Kc4 f3 64. Kd3 Kf5 65. Bg1 Nf4+ 66. Kd2 Ke4
67. Bf2 Nh3 68. Bg3 Kd4 69. Ke1 Kxc5 70. Bh4 Kxb6 71. Bg3 Kc5 72. Kd2 Kd4 73.
Bb8 Ke4 74. Ba7 Bb5 75. Bb6 f2 76. Bxf2 Nxf2 77. Ke1 Nd3+ 78. Kd2 Nf4 79. Kc3
Nd5+ 80. Kd2 Kf3 81. Ke1 Bc4 82. Kd1 Kf2 83. Kd2 Be2 84. Kc2 Ke3 85. Kc1 Kd3 86.
Kb2 Bd1 87. Kc1 Bc2 88. Kb2 Kd2 89. Ka3 Kc3 90. Ka2 Ne3 91. Ka3 Bb1 92. Ka4 Ba2
93. Kb5 Bf7 94. Kc5 Nf5 95. Kb5 Kb3 96. Kc5 Ka4 97. Kb6 Kb4 98. Kc6 Be6 99. Kb6
Bd7 100. Kc7 Ba4 101. Kb6 Bb5 102. Kc7 Kc5 103. Kb7 Nd4 104. Kc7 Ne6+ 105. Kb7
Bc4 106. Kc8 Kc6 107. Kb8 Kb6 108. Kc8 Bb5 109. Kb8 Bd7 110. Ka8 Nc7+ 111. Kb8
Na6+ 0-1

[Event "European Rapid 2021"]
[Site "Katowice POL"]
[Date "2021.12.18"]
[Round "6.6"]
[White "Fridman, Daniel"]
[Black "Piesik, Piotr"]
[Result "0-1"]
[WhiteTitle "GM"]
[BlackTitle "IM"]
[WhiteElo "2626"]
[BlackElo "2407"]
[WhiteFideId "11600454"]
[BlackFideId "1136194"]
[EventDate "2021.12.18"]

1. d4 d5 2. Nf3 Nf6 3. c4 c6 4. g3 dxc4 5. Bg2 Bf5 6. Nc3 e6 7. Ne5 Nbd7 8. Nxc4
Nb6 9. Ne5 Bb4 10. O-O O-O 11. a3 Bxc3 12. bxc3 Nbd7 13. Nc4 Be4 14. Bxe4 Nxe4
15. Qd3 Ndf6 16. a4 b5 17. Ne5 Qc7 18. Ba3 Rfd8 19. Rfc1 a6 20. c4 b4 21. Bb2 c5
22. Qe3 cxd4 23. Bxd4 Rxd4 24. Qxd4 Rd8 25. Qb2 Nc3 26. Nd3 Qxc4 27. a5 h5 28.
Rc2 Nxe2+ 29. Rxe2 Rxd3 30. Re5 Ne4 31. Rc1 Nc3 32. Rce1 h4 33. Kg2 Qd4 34. R1e3
Rd2 35. Qb3 h3+ 36. Kxh3 Rxf2 37. Rxe6 fxe6 38. Qxe6+ Kh7 39. Re5 Qd1 40. Rg5
Rxh2+ 41. Kxh2 Qd2+ 42. Kh3 Qxg5 43. Qb6 Ne4 44. g4 Qf4 45. Kg2 Qxg4+ 46. Kh1
Qh5+ 47. Kg2 Qg6+ 0-1

[Event "European Rapid 2021"]
[Site "Katowice POL"]
[Date "2021.12.18"]
[Round "6.11"]
[White "Koziorowicz, Michal"]
[Black "Motylev, Alexander"]
[Result "0-1"]
[BlackTitle "GM"]
[WhiteElo "2309"]
[BlackElo "2633"]
[WhiteFideId "21809194"]
[BlackFideId "4121830"]
[EventDate "2021.12.18"]

1. e4 c6 2. d4 d5 3. e5 c5 4. dxc5 e6 5. Be3 Nd7 6. Nf3 Qc7 7. Nc3 a6 8. Be2
Bxc5 9. Bxc5 Qxc5 10. O-O Ne7 11. Qd2 Ng6 12. Qg5 O-O 13. Rad1 Qc7 14. Rfe1
Ndxe5 15. Nd4 Nc6 16. h4 h6 17. Qh5 Nxd4 18. Rxd4 Qe5 19. Qxe5 Nxe5 20. Na4 Nc6
21. Rd2 b5 22. Nc5 Ra7 23. c3 Rc7 24. b4 Nb8 25. Rc1 Nd7 26. Nb3 Bb7 27. Rdc2
Rfc8 28. f4 Kf8 29. Kf2 Ke7 30. Ke3 h5 31. g3 g6 32. Kd2 Kd6 33. Ra1 Nb6 34. Nc5
Rxc5 35. bxc5+ Rxc5 36. Rg1 Nd7 37. Rb1 Bc6 38. Bd3 Nb6 39. Rg1 Bd7 40. Rcc1 Rc8
41. g4 hxg4 42. Rxg4 Nc4+ 43. Ke2 Nb2 44. Rg5 b4 45. Kd2 Nxd3 46. Kxd3 Rc4 47.
Rg4 a5 48. Kd2 Re4 49. cxb4 axb4 50. Rf1 Bb5 51. Rf2 Bc4 52. Kc1 Re1+ 53. Kb2
Rh1 54. Rd2 Kc5 55. Rdg2 Rf1 56. Rh2 Kb5 57. Rd2 Ka4 58. Rdg2 Bd3 59. Rg1 Rf2+
60. Ka1 Bf5 61. Rg5 Rxf4 62. h5 gxh5 63. Rxh5 Bd3 64. Rh8 Kb5 65. Rb8+ Kc5 66.
Rc1+ Bc4 67. Rc8+ Kd6 68. Rb8 Rf2 69. Rxb4 Rxa2+ 70. Kb1 Ra6 71. Rb8 Bd3+ 72.
Kb2 f5 73. Re1 Be4 74. Kc3 Ke5 75. Rb3 Rc6+ 76. Kb2 Rc2+ 77. Ka3 Kd6 78. Rb6+
Ke5 79. Kb3 Rc8 80. Rg1 f4 81. Rb7 Rf8 82. Rf1 f3 83. Rf2 Kd4 84. Ra7 Ke3 85.
Raa2 Rb8+ 86. Kc3 d4+ 0-1

[Event "European Rapid 2021"]
[Site "Katowice POL"]
[Date "2021.12.18"]
[Round "6.12"]
[White "Demchenko, Anton"]
[Black "Lewtak, Damian"]
[Result "0-1"]
[WhiteTitle "GM"]
[BlackTitle "IM"]
[WhiteElo "2654"]
[BlackElo "2383"]
[WhiteFideId "4160258"]
[BlackFideId "1141724"]
[EventDate "2021.12.18"]

1. e4 b6 2. d4 Bb7 3. Bd3 g6 4. f4 Bg7 5. Nf3 d5 6. e5 e6 7. c3 h5 8. Be3 a5 9.
Na3 Ne7 10. Bf2 Ba6 11. Nb5 Nc8 12. Bh4 Qd7 13. a4 c6 14. Na3 Bxd3 15. Qxd3 Ne7
16. O-O Nf5 17. Bg5 c5 18. Nb5 Nc6 19. Nh4 Nxh4 20. Nd6+ Kf8 21. Bxh4 cxd4 22.
cxd4 Nxd4 23. Bf2 Nf5 24. Nxf5 gxf5 25. Bxb6 Rh6 26. Rfc1 Kg8 27. Rc7 Qe8 28.
Qd2 Rg6 29. Bxa5 Bh6 30. h3 Qb8 31. Rac1 Qb3 32. Rc8+ Rxc8 33. Rxc8+ Kh7 34. Bd8
Qxa4 35. Bf6 Bg7 36. Bg5 Rxg5 37. fxg5 Bxe5 38. Qe2 Qd4+ 39. Kh1 Kg6 40. Rg8+
Bg7 41. Rc8 Qxb2 42. Qxb2 Bxb2 43. h4 d4 44. g3 e5 45. Rc6+ Kg7 46. Kg2 d3 47.
Rd6 e4 48. Rd5 Kg6 49. Kf1 f6 50. gxf6 Kxf6 51. Kf2 Bc1 52. Ke1 Ke6 53. Rd8 Ba3
54. Kd2 Bb4+ 55. Ke3 Bc5+ 56. Kd2 Bd6 57. Rg8 Kf7 58. Rg5 Kf6 59. Rg8 f4 60.
gxf4 Bxf4+ 61. Kc3 Kf5 62. Rg2 Be5+ 63. Kd2 Bf4+ 64. Kc3 Be5+ 65. Kd2 Bf6 66.
Rh2 Ke5 67. Ke3 Be7 68. Rh1 Bc5+ 69. Kd2 Kd4 70. Ra1 e3+ 71. Kc1 e2 72. Kb2 d2 0-1

[Event "European Rapid 2021"]
[Site "Katowice POL"]
[Date "2021.12.18"]
[Round "6.13"]
[White "Balog, Imre"]
[Black "Mikhaletz, Lubomir"]
[Result "1-0"]
[WhiteTitle "GM"]
[BlackTitle "GM"]
[WhiteElo "2577"]
[BlackElo "2329"]
[WhiteFideId "728446"]
[BlackFideId "14102340"]
[EventDate "2021.12.18"]

1. d4 d5 2. Nf3 c6 3. c4 Nf6 4. Qc2 g6 5. Bf4 dxc4 6. Qxc4 Be6 7. Qc1 Bg7 8. Nc3
Nd5 9. Bh6 Bxh6 10. Qxh6 Nxc3 11. bxc3 Qa5 12. Qd2 Bd5 13. Ne5 f6 14. Nd3 Nd7
15. f3 e5 16. Rb1 O-O-O 17. Qb2 b5 18. e4 Bf7 19. Nb4 Kc7 20. Be2 c5 21. dxc5
Nxc5 22. O-O Qb6 23. Kh1 a5 24. Nd5+ Bxd5 25. exd5 Rxd5 26. Bxb5 Rhd8 27. Qa3
Rb8 28. Bd3 Qa7 29. Rxb8 Kxb8 30. Bc4 Rd2 31. Rb1+ Kc7 32. Qc1 Nd3 33. Bxd3 Rxd3
34. Qh6 Rd7 35. h3 Qc5 36. Qh4 f5 37. c4 Qd4 38. Qe1 Kd8 39. Qxa5+ Ke7 40. c5
Qd2 41. Qb6 Qc2 42. Re1 Rd1 43. Qc7+ Kf8 44. Qxe5 Rxe1+ 45. Qxe1 Qxc5 46. Qa1
Kf7 47. a4 Qa5 48. Qd4 g5 49. Qc4+ Kf6 50. Qc6+ Kf7 51. Qd7+ Kf6 52. Qd4+ Kg6
53. Kg1 Qe1+ 54. Kh2 Qa5 55. f4 gxf4 56. Qxf4 h6 57. h4 Kh5 58. Kh3 Kg6 59. Qd6+
Kg7 60. Qd7+ Kf6 61. Qc6+ Kg7 62. h5 Qe5 63. Qg6+ Kf8 64. Qxh6+ Ke7 65. Qg5+ Ke6
66. Qg3 Qa1 67. Qg6+ Ke7 68. Qxf5 Qh1+ 69. Kg3 Qe1+ 70. Kg4 Qe2+ 71. Qf3 Qc4+
72. Qf4 Qe2+ 73. Kg3 Qe1+ 74. Kh2 Qd1 75. h6 Qh5+ 76. Kg3 Qg6+ 77. Kh3 Qe6+ 78.
Kh4 Qe1+ 79. Kg5 Qa5+ 80. Kg4 1-0

[Event "European Rapid 2021"]
[Site "Katowice POL"]
[Date "2021.12.18"]
[Round "6.14"]
[White "Flasinski, Michal"]
[Black "Bernadskiy, Vitaliy"]
[Result "0-1"]
[BlackTitle "GM"]
[WhiteElo "2195"]
[BlackElo "2599"]
[WhiteFideId "1117238"]
[BlackFideId "14100371"]
[EventDate "2021.12.18"]

1. d4 g6 2. Nf3 Bg7 3. g3 c5 4. c3 Qa5 5. Bg2 cxd4 6. Nxd4 Nf6 7. O-O d5 8. Bg5
O-O 9. Nb3 Qa6 10. N1d2 Nbd7 11. e4 dxe4 12. Nxe4 Nxe4 13. Bxe4 e5 14. Qd3 Qxd3
15. Bxd3 h6 16. Be3 Nf6 17. Rfe1 b6 18. Rad1 Be6 19. Bf1 Rad8 20. f3 Nd5 21. Bf2
Ne7 22. Nc1 h5 23. a3 Nc6 24. Nd3 Bb3 25. Rc1 Bd5 26. f4 exf4 27. Nxf4 Bb3 28.
Bg2 Ne5 29. Bd4 Rfe8 30. Bxe5 Rxe5 31. Be4 Rde8 0-1

[Event "European Rapid 2021"]
[Site "Katowice POL"]
[Date "2021.12.18"]
[Round "6.22"]
[White "Gretarsson, Helgi Ass"]
[Black "Starek, Stanislav"]
[Result "1-0"]
[WhiteTitle "GM"]
[WhiteElo "2469"]
[BlackElo "2198"]
[WhiteFideId "2300699"]
[BlackFideId "349844"]
[EventDate "2021.12.18"]

1. d4 Nf6 2. c4 e5 3. dxe5 Ng4 4. e4 Nxe5 5. f4 Ng6 6. Nc3 Nc6 7. Be3 Bb4 8. Ne2
O-O 9. a3 Bxc3+ 10. Nxc3 Re8 11. Qd2 d6 12. Bd3 b6 13. O-O Bb7 14. Bc2 a5 15. b3
Nf8 16. Rad1 Ne6 17. Qf2 Nc5 18. e5 Qc8 19. exd6 cxd6 20. Nb5 Qg4 21. h3 Qh5 22.
Nxd6 Re7 23. Rd5 Qh6 24. Nf5 Qf6 25. Bxc5 bxc5 26. Nxe7+ Nxe7 27. Rxc5 Nc6 28.
Be4 Re8 29. Re1 Qc3 30. Bxh7+ Kf8 31. Rxe8+ Kxe8 32. Be4 Qf6 33. Qe3 Kf8 34.
Rxc6 1-0

[Event "European Rapid 2021"]
[Site "Katowice POL"]
[Date "2021.12.18"]
[Round "6.39"]
[White "Mica, Marek"]
[Black "Nasuta, Grzegorz"]
[Result "0-1"]
[WhiteTitle "FM"]
[BlackTitle "GM"]
[WhiteElo "2303"]
[BlackElo "2521"]
[WhiteFideId "382884"]
[BlackFideId "1141686"]
[EventDate "2021.12.18"]

1. c4 e5 2. Nc3 Nf6 3. Nf3 Nc6 4. e3 Be7 5. d4 exd4 6. Nxd4 Bb4 7. Ne2 O-O 8. a3
Be7 9. Nf4 d6 10. Be2 Ne5 11. b3 c6 12. Bb2 Bf5 13. O-O h6 14. Nd3 Qc7 15. h3
Rad8 16. f4 Ned7 17. Nf2 Qb6 18. Bf3 Nc5 19. b4 Nd3 20. Nxd3 Qxe3+ 21. Nf2 Qxf4
22. Nce4 Bxe4 23. Nxe4 Nxe4 24. Qd3 Ng3 25. Bxc6 Nxf1 26. Rxf1 Qg5 27. Bxb7 f5
28. Bd5+ Kh8 29. Bc1 Qg6 30. Be3 a6 31. g4 Bg5 32. Bxg5 Qxg5 33. Rxf5 Rxf5 34.
Qxf5 Qe3+ 35. Qf2 Qxa3 36. g5 Qc1+ 37. Kh2 Qxg5 38. Bc6 Qe7 39. b5 axb5 40. cxb5
Rf8 41. Qb2 Qe3 42. Bg2 Rf2 43. Qa1 Qf3 44. Qg1 Qf4+ 45. Kh1 Rc2 46. b6 Rc1 47.
b7 Rxg1+ 48. Kxg1 Qb4 49. Bd5 g6 50. Kf2 Kg7 51. Ke3 Kf6 0-1

[Event "European Rapid 2021"]
[Site "Katowice POL"]
[Date "2021.12.18"]
[Round "6.40"]
[White "Spalir, Jernej"]
[Black "Castejon Caballero, Andres"]
[Result "1/2-1/2"]
[WhiteTitle "IM"]
[WhiteElo "2373"]
[BlackElo "2060"]
[WhiteFideId "14606518"]
[BlackFideId "2280205"]
[EventDate "2021.12.18"]

1. d4 Nf6 2. Nf3 e6 3. c4 d5 4. Nc3 Bb4 5. Qa4+ Nc6 6. e3 O-O 7. Bd2 Bxc3 8.
Bxc3 Ne4 9. Qc2 a5 10. a3 Bd7 11. Bd3 f5 12. O-O g5 13. Nd2 Ne7 14. f3 Nxc3 15.
bxc3 Qe8 16. e4 Qh5 17. cxd5 exd5 18. c4 dxe4 19. fxe4 f4 20. e5 Nf5 21. Bxf5
Bxf5 22. Qb3 Rad8 23. d5 b6 24. e6 Bxe6 25. Rae1 Bf5 26. Nf3 Rde8 27. Nd4 Rxe1
28. Rxe1 Re8 29. Qc3 Rxe1+ 30. Qxe1 Bd7 31. Ne6 Bxe6 32. dxe6 Kf8 33. Qd2 Qe8
34. Qd5 Qe7 35. Qf5+ Kg7 36. Qe5+ Kg6 37. Kf1 Qd6 38. Qe4+ Kf6 39. Qxh7 Qd1+ 40.
Kf2 Qd2+ 41. Kf1 Qc1+ 42. Kf2 Qb2+ 43. Kf1 Qa1+ 44. Ke2 Qa2+ 45. Ke1 Qa1+ 46.
Ke2 1/2-1/2

[Event "European Rapid 2021"]
[Site "Katowice POL"]
[Date "2021.12.18"]
[Round "6.41"]
[White "Morkunas, Gustas"]
[Black "Papasimakopoulos, Alexandros"]
[Result "0-1"]
[BlackTitle "CM"]
[WhiteElo "1967"]
[BlackElo "2259"]
[WhiteFideId "12831026"]
[BlackFideId "4244125"]
[EventDate "2021.12.18"]

1. e4 e6 2. d4 d5 3. Nc3 Bb4 4. Ne2 Nc6 5. e5 Nge7 6. a3 Ba5 7. b4 Bb6 8. Na4
O-O 9. g3 Bd7 10. Nxb6 axb6 11. Bb2 f6 12. exf6 Rxf6 13. Bg2 Be8 14. Nf4 Nf5 15.
O-O g5 16. Ne2 Bh5 17. Re1 Nd6 18. Bc1 h6 19. Be3 Nc4 20. Qc1 Qf8 21. Nc3 Ne7
22. f4 Nxe3 23. Qxe3 gxf4 24. gxf4 Bg4 25. Rf1 Ng6 26. h3 Bf5 27. Rf2 Kh7 28.
Kh2 c6 29. Nd1 Qd6 30. Qg3 Rg8 31. Ne3 Ne7 32. Qh4 Rfg6 33. Bf3 R6g7 34. Bg4 Rf8
35. Raf1 Be4 36. c3 Ng6 37. Qg3 h5 38. f5 Qxg3+ 39. Kxg3 exf5 40. Nxf5 Rgf7 41.
Bxh5 Rxf5 42. Rxf5 Rxf5 43. Rxf5 Bxf5 44. Be2 Kg7 45. a4 Kf6 46. h4 Bc2 47. a5
b5 48. Bg4 Bf5 49. Bh5 Ne7 50. Kf4 Nc8 51. Bf3 Nd6 52. Bh5 Ne4 53. Be8 Nxc3 54.
h5 Na2 55. h6 Nxb4 56. h7 Bxh7 57. Bd7 Nd3+ 58. Kg4 Nb2 0-1

[Event "European Rapid 2021"]
[Site "Katowice POL"]
[Date "2021.12.19"]
[Round "7.6"]
[White "Motylev, Alexander"]
[Black "Wiewiora, Eneasz"]
[Result "1-0"]
[WhiteTitle "GM"]
[BlackTitle "FM"]
[WhiteElo "2633"]
[BlackElo "2333"]
[WhiteFideId "4121830"]
[BlackFideId "1140396"]
[EventDate "2021.12.18"]

1. e4 d6 2. d4 Nf6 3. Nc3 e5 4. Nf3 Nbd7 5. Rg1 g6 6. Be3 Bg7 7. dxe5 dxe5 8.
Qd3 O-O 9. g4 c6 10. O-O-O Qa5 11. g5 Nh5 12. Nd2 Qc7 13. Nc4 Nb6 14. Qd6 Qxd6
15. Nxd6 Rb8 16. a4 Be6 17. a5 Nc8 18. Bc4 Bxc4 19. Nxc4 b5 20. axb6 axb6 21.
Rd7 Nf4 22. Rgd1 Ne6 23. Kb1 Nd4 24. Nxe5 Nxc2 25. Kxc2 Bxe5 26. f4 Bxc3 27.
Kxc3 Re8 28. Rc7 Ne7 29. Bd4 Rbc8 30. Bxb6 Rxc7 31. Bxc7 Nc8 32. Rd7 Na7 33. Be5
Nb5+ 34. Kc4 h6 35. h4 1-0

[Event "European Rapid 2021"]
[Site "Katowice POL"]
[Date "2021.12.19"]
[Round "7.24"]
[White "Batashevs, Arsens"]
[Black "Teclaf, Pawel"]
[Result "0-1"]
[BlackTitle "IM"]
[WhiteElo "2165"]
[BlackElo "2542"]
[WhiteFideId "11603593"]
[BlackFideId "1185934"]
[EventDate "2021.12.18"]

1. g3 d5 2. Bg2 g6 3. Nh3 Nf6 4. O-O Bg7 5. f3 O-O 6. Nf2 c5 7. e4 Nc6 8. c3 b6
9. Na3 dxe4 10. fxe4 Nd7 11. Nc2 Ba6 12. Re1 c4 13. b3 b5 14. d4 cxd3 15. Qxd3
Rc8 16. Bb2 Qb6 17. Qxd7 Rcd8 18. Qg4 Rd2 19. Re2 Ne5 20. Rxd2 Nxg4 21. Rad1 Rc8
22. Nb4 Bb7 23. Nd5 Bxd5 24. exd5 Bh6 25. Re2 Nxf2 26. Rxf2 Be3 27. Rf1 Qa5 28.
Bc1 Bxf2+ 29. Rxf2 Qxc3 30. Bh6 Qd4 31. Kf1 Qd1# 0-1

[Event "European Rapid 2021"]
[Site "Katowice POL"]
[Date "2021.12.19"]
[Round "8.4"]
[White "Janik, Igor"]
[Black "Motylev, Alexander"]
[Result "0-1"]
[WhiteTitle "IM"]
[BlackTitle "GM"]
[WhiteElo "2525"]
[BlackElo "2633"]
[WhiteFideId "1159259"]
[BlackFideId "4121830"]
[EventDate "2021.12.18"]

1. e4 c6 2. d4 d5 3. Nd2 dxe4 4. Nxe4 Nf6 5. Nxf6+ exf6 6. c3 Bd6 7. Bd3 O-O 8.
Ne2 Re8 9. Qc2 h6 10. O-O Qc7 11. g3 Bh3 12. Re1 Qd7 13. Bf4 Bf8 14. f3 c5 15.
Rad1 cxd4 16. Nxd4 Nc6 17. Rxe8 Rxe8 18. Bf5 Bxf5 19. Qxf5 Qd8 20. Qb5 Re7 21.
Rd2 Qe8 22. Nxc6 bxc6 23. Qb8 Re1+ 24. Kf2 Qe7 25. Kg2 Re2+ 26. Kf1 Re1+ 27. Kg2
Rd1 28. Rxd1 Qe2+ 29. Kh3 Qxd1 30. Qxa7 g5 31. Bb8 Qf1+ 32. Kg4 h5+ 0-1

[Event "European Rapid 2021"]
[Site "Katowice POL"]
[Date "2021.12.19"]
[Round "8.22"]
[White "Demchenko, Anton"]
[Black "Kolasa, Pjotrs"]
[Result "1-0"]
[WhiteTitle "GM"]
[WhiteElo "2654"]
[BlackElo "2051"]
[WhiteFideId "4160258"]
[BlackFideId "11604255"]
[EventDate "2021.12.18"]

1. e4 e5 2. Nf3 Nc6 3. Bc4 Nf6 4. d3 Be7 5. O-O O-O 6. Re1 d6 7. a4 Be6 8. Bxe6
fxe6 9. c3 Qd7 10. b4 Rae8 11. Nbd2 Bd8 12. b5 Ne7 13. d4 exd4 14. cxd4 Ng6 15.
Ba3 h6 16. Qc2 Qf7 17. e5 Nd5 18. exd6 Ngf4 19. d7 Re7 20. Ne5 Qh5 21. Ne4 Rf5
22. Bxe7 Bxe7 23. Qd1 Qh4 24. Qg4 1-0

[Event "European Rapid 2021"]
[Site "Katowice POL"]
[Date "2021.12.19"]
[Round "8.26"]
[White "Brzezinski, Mateusz"]
[Black "Kjartansson, Gudmundur"]
[Result "1/2-1/2"]
[BlackTitle "GM"]
[WhiteElo "2187"]
[BlackElo "2460"]
[WhiteFideId "1177117"]
[BlackFideId "2301318"]
[EventDate "2021.12.18"]

1. d4 d5 2. Bf4 c5 3. e3 Nc6 4. c3 Bf5 5. Nd2 e6 6. Ngf3 cxd4 7. exd4 Bd6 8. Bg3
h6 9. Bb5 Ne7 10. Qe2 O-O 11. O-O a6 12. Bd3 Bxg3 13. hxg3 b5 14. b4 Bxd3 15.
Qxd3 Nf5 16. a4 Nd6 17. Nb3 bxa4 18. Rxa4 a5 19. Rfa1 Nc4 20. R4a2 Qb6 21. Nfd2
Rfc8 22. Nc5 Nxd2 23. Qxd2 Ra7 24. Qb2 axb4 25. Rxa7 Nxa7 26. Ra6 Qb8 27. cxb4
Nc6 28. b5 Nxd4 29. b6 Rxc5 30. b7 Kh7 31. Ra8 Qe5 32. Qb1+ g6 33. b8=Q Rc1+ 34.
Qxc1 Qxb8 35. Qxh6+ Kxh6 36. Rxb8 Kg5 37. f3 Kf6 38. Rb7 Nf5 39. Kf2 Nd6 40. Ra7
Nc4 41. g4 Ne5 42. Kg3 g5 43. Kf2 Ng6 44. Ra8 Nf4 45. g3 Nd3+ 46. Ke3 Ne5 47.
Rg8 Nc4+ 48. Kd4 Ne5 49. Ke3 Nc4+ 50. Ke2 Nd6 51. f4 Ne4 52. Kf3 Nd2+ 53. Ke3
Ne4 54. Kf3 Nd2+ 55. Kg2 Ne4 56. Ra8 Kg6 57. Ra2 Kf6 58. Kf3 Nc3 59. Rh2 Ne4 60.
Re2 Nc3 61. Rd2 Ne4 62. Rc2 Nd6 63. Rg2 Ne4 64. Ke3 Nd6 65. Rh2 Ne4 66. Rh3 Kg6
67. Kf3 1/2-1/2

[Event "European Rapid 2021"]
[Site "Katowice POL"]
[Date "2021.12.19"]
[Round "8.39"]
[White "Golubovskis, Maksims"]
[Black "Krawczyk, Wojciech"]
[Result "0-1"]
[WhiteTitle "FM"]
[WhiteElo "2210"]
[BlackElo "2089"]
[WhiteFideId "11608528"]
[BlackFideId "21812420"]
[EventDate "2021.12.18"]

1. e4 c6 2. d4 d5 3. e5 c5 4. dxc5 Nc6 5. Nf3 Bg4 6. Bb5 e6 7. b4 Ne7 8. O-O Ng6
9. Bb2 Be7 10. Nbd2 Bg5 11. Nb3 O-O 12. Bxc6 bxc6 13. h3 Bxf3 14. Qxf3 Qb8 15.
Qg4 Bf4 16. a3 Bxe5 17. Nd4 Bxd4 18. Qxd4 e5 19. Qd2 Qb5 20. Rfe1 Rfe8 21. h4 f6
22. g3 Qc4 23. a4 a6 24. Ra3 Rab8 25. Rb3 Ne7 26. Ba3 d4 27. Qd3 Qxd3 28. cxd3
Nd5 29. Reb1 Nc3 30. Ra1 Rb7 31. Bb2 Nd5 32. b5 axb5 33. axb5 Rxb5 34. Rxb5 cxb5
35. Ra5 Nb4 36. Rxb5 Nxd3 37. Ba3 Rc8 38. Kf1 e4 39. Ke2 Ne5 40. Rb4 Ra8 41. Rb3
d3+ 42. Kd1 Nc4 43. Bc1 Rc8 44. Rb5 Kf7 45. Bf4 Ke6 46. Bb8 Kd5 47. Ba7 Ra8 48.
Rb7 Ne5 49. Rxg7 Nc6 50. Bb6 Ra1+ 51. Kd2 Ra2+ 52. Ke1 Nd4 53. Rd7+ Kc4 54. g4
d2+ 55. Kd1 Nf3 56. c6 Kc3 57. Ke2 Ra1 58. Ke3 Ra8 59. c7 Kc2 60. Ba7 Rc8 61.
Bb6 d1=Q 62. Rxd1 Kxd1 63. Kxe4 Nxh4 64. Kd5 Nf3 65. Ke6 Ne5 66. Kd6 Nc4+ 67.
Kc6 Nxb6 68. Kxb6 Ke2 69. f4 Kf3 70. g5 f5 0-1